Richard Wagner, Tannhäuser : [romantická opera o třech jednáních : premiéry 11. a 14. ledna ve Státní opeře /

Korporativní autor: Státní opera Praha
Další autoři: Blachut, Beno, 1978-, Froese, Petra, Wagner, Richard, 1813-1883., Národní divadlo v Praze. Opera
Jazyk: Čeština
Vydáno: V Praze : Národní divadlo, c2014
Témata:
Fyzický popis: 95 s. : il., portréty ; 16 cm + program k I. premiéře ([4] s.) + program k II. premiéře ([4] s.)
Knihy
Uloženo v:
LEADER 02347nam a2200589 a 4500
001 nkc20142625729
003 CZ PrNK
005 20141111103932.0
007 ta
008 140919s2014 xr ac e 000 0dcze
020 |a 978-80-7258-444-4  |q (brož.) 
040 |a BOA001  |b cze 
041 1 |a cze  |h ger 
043 |a e-gx---  |a e-xr---  |b e-xr-pg  |2 czenas 
045 |a y1y1 
072 7 |a 792  |x Divadlo. Divadelní představení  |2 Konspekt  |9 3 
080 |a 782  |2 MRF 
080 |a 792.54  |2 MRF 
080 |a (430)  |2 MRF 
080 |a (437.311)  |2 MRF 
080 |a (083.97)  |2 MRF 
245 0 0 |a Richard Wagner, Tannhäuser :  |b [romantická opera o třech jednáních : premiéry 11. a 14. ledna ve Státní opeře /  |c program připravil Beno Blachut ml.] 
246 3 0 |a Tannhäuser 
260 |a V Praze :  |b Národní divadlo,  |c c2014 
300 |a 95 s. :  |b il., portréty ;  |c 16 cm +  |e program k I. premiéře ([4] s.) + program k II. premiéře ([4] s.) 
500 |a Část. přeloženo z němčiny 
500 |a Nad názvem: Národní divadlo, 131. sezona, pod názvem: opera 
500 |a Chronologický přehled 
505 2 |a Tannhäuser / libreto Richard Wagner ; překlad Petra Froese 
610 2 7 |a Státní opera Praha  |7 kn20010709327  |2 czenas 
648 4 |a 1845 
648 7 |a 19. století  |7 ch460557  |2 czenas 
648 7 |a 2014  |7 ch967317  |2 czenas 
648 7 |a 2011-2020  |7 ch460589  |2 czenas 
650 0 7 |a opery  |7 ph123760  |z Německo  |y 19. století  |2 czenas 
650 0 7 |a operní inscenace  |7 ph137507  |z Česko  |y 2011-2020  |2 czenas 
650 0 9 |a operas  |z Germany  |y 19th century  |2 eczenas 
650 0 9 |a opera productions  |z Czechia  |y 2011-2020  |2 eczenas 
651 7 |a Praha (Česko)  |7 ge118011  |2 czenas 
651 9 |a Prague (Czechia)  |2 eczenas 
655 7 |a divadelní programy  |7 fd132033  |2 czenas 
655 9 |a playbills  |2 eczenas 
700 1 |a Blachut, Beno,  |d 1978-  |7 jx20080926014  |4 edt 
700 1 |a Froese, Petra  |7 mzk2014841481  |4 trl 
700 1 2 |a Wagner, Richard,  |d 1813-1883.  |t Tannhäuser (libreto).  |l Česky  |7 aun2014841483 
710 2 |a Státní opera Praha  |7 kn20010709327 
710 2 |a Národní divadlo v Praze.  |b Opera  |7 kn20010724561 
910 2 |a BOA001  |b 1-1332.214 
990 |a BK 
995 |a 11 
991 |b 201410  |c NOV  |e n 
996 6 |b 2610605243  |c 1-1332.214  |l MZK  |r Sklad / do 1 hodiny  |n 0  |p p.v.  |w 001458466  |u 000010  |a 1  |e BOA001  |j MZK50  |s P